000 00243nam a2200109Ia 4500
008 220204s9999 xx 000 0 und d
082 _a82-3
_bMAS
100 _aHarold Q
245 4 _aThe Attorney
260 _aLondon
_bCorgi
_c1973
942 _cBK
999 _c35230
_d35230